| 000 | 00769nam a2200301Ia 4500 | ||
|---|---|---|---|
| 008 | 160525s9999||||xx |||||||||||||| ||und|| | ||
| 020 | _a81-246-0194-1 | ||
| 040 | _cEnglish | ||
| 082 | _aXV.G/Shankaracharya | ||
| 082 | _bBORI-100049 | ||
| 100 | _aP. George Victor | ||
| 245 | _aLife And Teachings of Adi Sankaracarya | ||
| 250 | _bFirst | ||
| 260 | _aNew Delhi | ||
| 260 | _bD. K. Printworld Ltd | ||
| 300 | _axii+172 | ||
| 300 | _cB | ||
| 300 | _eHardbound | ||
| 530 | _u00100049.pdf | ||
| 563 | _aRef | ||
| 600 | _aP. George Victor | ||
| 630 | _aLife And Teachings of Adi Sankaracarya | ||
| 650 | _aBiography | ||
| 650 | _aReference | ||
| 700 | _aP. George Victor | ||
| 730 | _aLife And Teachings of Adi Sankaracarya | ||
| 942 | _cBOOK | ||
| 999 |
_c1385821 _d1385818 |
||